00684 2200241 4500001002100000005001700021008004100038020001800079035002400097040001200121082001100133090001800144100001200162245009500174250001100269260003500280300002900315504003100344650002000375700001700395850001200412990001800424YOGYA-0209000000340520090227020625.0 ind  a979-489-092-8 0010-020900000003405 aYOPDYOG a633.83 a633.83bDan B aDANARTI aBudidaya dan penanganan pasca panen cengkehcDanarti, Sri Najiyati ; ilustrator, J. Sugito aCet. 2 aJakartabPenebar Swadayac1992 aix, 106 hlmbilusc21 cm aBibliografi : hlm. 103-104 aCengkih - Bibit aSri Najiyati aYOPDYOG a57855-P/95b1